| 000 | 00727nam a22002653 4500 | ||
|---|---|---|---|
| 001 | 73782 | ||
| 003 | BD-RjUL | ||
| 005 | 20211209082439.0 | ||
| 008 | 19 s1911 enk 000 0 | ||
| 035 | _a(BD-RjUL)74000 | ||
| 040 |
_aBD-RjUL _beng _cBD-RjUL |
||
| 041 | _aeng | ||
| 082 |
_223 _a962.04 _bMOI 1911 |
||
| 092 | _aQB102 | ||
| 100 | 1 |
_aMuḼammad, Duse _9228346 |
|
| 245 | 1 | 0 | _aIn the land of the pharaohs, a history of Egypt from the fall of Ismail. |
| 250 | _a1st ed. | ||
| 260 |
_alondon : _bStanley paul, _c1911 |
||
| 300 |
_avi, 380 p. ; _c23 cm |
||
| 500 | _aIncludes Index | ||
| 690 | 0 | 0 |
_aHistory _zEgypt _9228350 |
| 752 |
_aEngland _dLondon |
||
| 942 |
_2ddc _cBK |
||
| 999 |
_c73782 _d73782 |
||